| 000 | aam a22 a 4500 | ||
|---|---|---|---|
| 999 |
_c3937 _d3937 |
||
| 003 | AKMAL | ||
| 005 | 20170524124339.0 | ||
| 008 | 170524s1984 my a00 may d | ||
| 020 | _a9836233547 | ||
| 040 | _aAKMAL | ||
| 082 | 0 | 4 |
_a899.2333 DZU _222 |
| 090 | 0 | 0 |
_a899.2333 _bDZU |
| 100 | 0 |
_aDzul Karnain Ithnain, _d1954- _97758 |
|
| 245 | 1 | 0 |
_aCatatan dari laut / _cDzul Karnain Ithnain |
| 260 |
_aKuala Lumpur : _bDewan Bahasa dan Pustaka, _c1984 |
||
| 300 |
_a93ms. ; _c18cm. |
||
| 650 | 1 | 0 |
_aMalay fiction _92141 |
| 942 |
_2ddc _cBOOK |
||